000 00397nam a22001457a 4500
005 20250609155454.0
008 250609b |||||||| |||| 00| 0 eng d
020 _a612608076204
050 _aBV4647
_bWIE
100 _aWIERSBE W. WARREN
245 _aBE ENCOURAGED;
_bGOD CAN TURN YOUR TRIALS INTO TRIUMPHS
260 _aENGLAND
_bSP PUBLISHING, INC.
_cc1984
300 _a165p
942 _2lcc
_cBK
_n0
999 _c6368
_d6368